000 00251nam a22001217a 4500
008 170327b xxu||||| |||| 00| 0 eng d
041 _aeng
080 _a616.9
100 _a8
101 _ashm
245 _aAIDS MEDICINE
_cBRODER, S
942 _2udc
_cBK
999 _c8660
_d8660